| 000 | 00615nam a22001937a 4500 | ||
|---|---|---|---|
| 999 |
_c195107 _d195107 |
||
| 005 | 20230317151303.0 | ||
| 010 | _aENG-136230 | ||
| 020 | _c228.00 | ||
| 035 | _aEN-119762 | ||
| 037 | _bDBAD/PUB | ||
| 082 | _a894.0111109 | ||
| 100 | _aThirukkural Kesava Subbiah | ||
| 245 |
_aThiruvalluvar Rendered by Thenpandi / _cBy Thirukkural Kesava Subbiah |
||
| 260 |
_aTamil Nadu _bDwarka Publishers _c2014 |
||
| 270 |
_aA 125, NGO COLONY, Gandhi Nagar, Kottar post, Nagercil _bTamil Nadu _e629002 |
||
| 300 |
_a224p. _c21cm(pbk) |
||
| 500 | _aVolume 1 Ancient | ||
| 942 |
_2ddc _cEN _h894.8111109 _mTHI |
||